Normal view
MARC view
Entry Topical Term
001 - CONTROL NUMBER
- control field: 72999
003 - CONTROL NUMBER IDENTIFIER
- control field: dpl
005 - DATE AND TIME OF LATEST TRANSACTION
- control field: 20241018154539.0
008 - FIXED-LENGTH DATA ELEMENTS
- fixed length control field: 241018|| aca||aabn | a|a d
040 ## - CATALOGING SOURCE
- Original cataloging agency: dpl
- Transcribing agency: dpl
150 ## - HEADING--TOPICAL TERM
- Topical term or geographic name as entry element: हिन्दी कहानियाँ
670 ## - SOURCE DATA FOUND
- Source citation: Work cat.: (dpl)205611: देवेन्द्र कुमार 72998, एशिया की सर्वश्रेष्ठ लोककथाएं/, 2023
